00327nam a2200121Ia 4500008004100000041000800041082001700049100001400066245004500080260004100125300003200166365000700198240624s9999 xx 000 0 und d aeng a658.4063 ORM aORAM MIKE aRE ENGINEERINGS MISSING INGREDIENT THE H c1997aMumbaibJaico Publishing House aviii, : 248 : p. : cm. ; 25 cRS